=LDR 00000nam 2200000 4500 =001 INLIS000000000016980 =005 20130612112205 =008 ***********************************Ind** =035 ##$$0010-061300000016980 =041 ##$$a Ind =082 ##$$a 028.5 =090 ##$$a 028.5, Han w =100 ##$$a Hanafi, Tevi =245 ##$$a Walkman buat si tabi, Tevi Hanafi =260 ##$$a 1999 $b Yogyakarta =300 ##$$a 24 hlm, ilus, 20 cm =650 ##$$a Bacaan anak-anak =850 ##$$a NBPNMAT